000 00458nmm a2200157Ia 4500
008 251105s9999||||xx |||||||||||||||||und||
020 _a9789580610960
041 _aspa
100 _aLópez, Mario
245 0 _a¡Vamos a superar el horror! : Petro y la nueva izquierda
264 _a[Bogotá, Colombia] :
_bOveja Negra,
_c2007
300 _a255 páginas
650 _aBiography
856 _uhttps://public.digitaliapublishing.com/a/30183
942 _cCF
999 _c94800
_d94800